Citačné indexy
Citácia ako zdroj informácií. Vývoj citačného indexovania. Prístupy do citačných indexov prostredníctvom databázových stredísk a v prostredí World Wide Web. Web of Science v informačnom prostredí EU. Výber a hodnotenie publikácií pre Institut for Scientific Information.
Enregistré dans:
| Auteur principal: | |
|---|---|
| Autres auteurs: | |
| Format: | Chapitre de livre |
| Langue: | slovaque |
| Sujets: | |
| Tags: |
Pas de tags, Soyez le premier à ajouter un tag!
|
MARC
| LEADER | 00000naa$a2200000$$$4500 | ||
|---|---|---|---|
| 001 | 0020427 | ||
| 005 | 20240502071411.0 | ||
| 041 | 0 | |a slo | |
| 044 | |a SK | ||
| 245 | 1 | 0 | |a Citačné indexy |c Renáta Mártonová, Iveta Pleceniková |
| 520 | |a Citácia ako zdroj informácií. Vývoj citačného indexovania. Prístupy do citačných indexov prostredníctvom databázových stredísk a v prostredí World Wide Web. Web of Science v informačnom prostredí EU. Výber a hodnotenie publikácií pre Institut for Scientific Information. | ||
| 610 | 2 | 0 | |a veda ekonomická |
| 610 | 2 | 0 | |a zdroje informačné elektronické |
| 610 | 2 | 0 | |a báza dát |
| 610 | 2 | 0 | |a Social Sciences Citation Index |
| 610 | 2 | 0 | |a Web of Science |
| 100 | 1 | |a Mártonová, Renáta | |
| 700 | 1 | |a Pleceniková, Iveta | |